|
|
|
|
| LEADER |
00000nab a2200000 a 4500 |
| 001 |
vtls000640085 |
| 003 |
SK-MaSNL |
| 005 |
20260302200559.0 |
| 008 |
040806c1996 xo 0 slo |
| 015 |
|
|
|a SNBRB19rr/mm-uuuuu
|
| 035 |
|
|
|a CL0640224
|
| 040 |
|
|
|a SNKBUCL
|b slo
|c SNKBUCL
|e AACR2
|
| 041 |
0 |
|
|a slo
|
| 044 |
|
|
|a xo
|c SK
|
| 080 |
|
|
|a 821.162.4-051
|2 2001
|
| 100 |
1 |
|
|a Baláž, Anton,
|d 1943-
|4 ivr
|9 103540
|
| 245 |
1 |
0 |
|a Ja si svojich čitateľov vážim
|b hovoríme so spisovateľkou Hanou Zelinovou
|c Anton Baláž
|
| 300 |
|
|
|b Fotogr. 1
|
| 600 |
1 |
7 |
|a Zelinová, Hana,
|d 1914-2004
|2 snkbucl
|9 101300
|
| 655 |
|
7 |
|a rozhovory
|2 snkbucl
|9 31831
|
| 655 |
|
7 |
|a články z novín a časopisov
|2 snkbucl
|9 267496
|
| 700 |
1 |
|
|a Zelinová, Hana,
|d 1914-2004
|4 aut
|4 ive
|9 101300
|
| 773 |
0 |
|
|x 1210-1982
|t Knižná revue
|g Roč. 6, č. 25-26 (1996), s. 24
|
| 850 |
|
|
|a Slovenská národná knižnica v Martine
|a MTA001
|
| 852 |
|
|
|a SNK
|b KIS3GCP
|
| 958 |
|
|
|a LX
|
| 958 |
|
|
|a BX
|
| 999 |
|
|
|c 1457372
|d 1459302
|